Football Teams Craig Bellamy Played For - Statistics

General Stats
  • This quiz has been taken 16 times
  • The average score is 8 of 11
Answer Stats
Team % Correct
Wales
100%
Cardiff City
93%
Celtic
87%
Great Britain
87%
Liverpool
87%
Manchester City
80%
Newcastle United
80%
West Ham United
67%
Coventry City
60%
Blackburn Rovers
47%
Norwich City
47%
No matching quizzes found
Score Distribution
Percent of People with Each Score
Percentile by Number Answered
Your Score History
You have not taken this quiz